|
|
|
|
| LEADER |
00000cam a2200000 7i4500 |
| 001 |
0000031489 |
| 005 |
20120305.0 |
| 008 |
120305 |
| 020 |
|
|
|a 9833586578
|
| 090 |
0 |
0 |
|a 371.2009595
|b MDZ
|
| 100 |
0 |
|
|a Md. Zuki Hashim
|
| 245 |
1 |
0 |
|a Mengurus acara rasmi sekolah
|c Md. Zuki Hashim
|
| 260 |
|
|
|a Kuala Lumpur :
|b PTS Professional Publishing ,
|c 2008
|
| 650 |
|
0 |
|a School management and organization
|z Malaysia
|
| 999 |
|
|
|a 0001135527
|b Book
|c Adult Collection
|e Cawangan AEON Kulaijaya
|
| 999 |
|
|
|a 0001135528
|b Book
|c Adult Collection
|e Perbadanan Perpustakaan Awam Johor
|
| 999 |
|
|
|a 0001135529
|b Book
|c Adult Collection
|e Perbadanan Perpustakaan Awam Johor
|
| 999 |
|
|
|a 0001135531
|b Book
|c Adult Collection
|e Perbadanan Perpustakaan Awam Johor
|